Städte & Gemeinden der Agglo. Berlin mit Karte - Statistiken

Allgemein
  • Dieses Quiz wurde 720 mal gespielt
  • Das Durchschnittsergebnis liegt bei 13 aus 51
Antworten auf der Karte
Die Antworten werden auf der Karte rot bzw. grün angezeigt, abhängig davon wie oft sie richtig erraten wurden.
 
Antwortstatistiken
Kreis Einwohner Stadt / Gemeinde % Korrekt
kreisfreie Stadt 180.334 Potsdam
94%
kreisfreie Stadt 3.669.491 Berlin
88%
Oberhavel 44.862 Oranienburg
63%
Barnim 40.031 Bernau bei Berlin
52%
Dahme-Spreewald 37.639 Königs Wusterhausen
51%
Potsdam-Mittelmark 26.902 Teltow
50%
Havelland 43.994 Falkensee
46%
Dahme-Spreewald 16.270 Schönefeld
45%
Märkisch-Oderland 26.853 Strausberg
40%
Oder-Spree 11.856 Erkner
37%
Potsdam-Mittelmark 26.412 Werder (Havel)
35%
Oberhavel 26.345 Hennigsdorf
33%
Potsdam-Mittelmark 20.376 Kleinmachnow
32%
Barnim 13.843 Ahrensfelde
31%
Teltow-Fläming 27.939 Blankenfelde-Mahlow
31%
Oberhavel 26.283 Hohen Neuendorf
29%
Teltow-Fläming 26.800 Ludwigsfelde
28%
Märkisch-Oderland 18.079 Hoppegarten
26%
Potsdam-Mittelmark 15.371 Stahnsdorf
24%
Dahme-Spreewald 11.427 Zeuthen
22%
Havelland 10.019 Dallgow-Döberitz
20%
Märkisch-Oderland 15.327 Petershagen/Eggersdorf
19%
Märkisch-Oderland 15.812 Rüdersdorf bei Berlin
19%
Dahme-Spreewald 10.404 Wildau
19%
Oberhavel 12.179 Velten
18%
Barnim 23.127 Wandlitz
18%
Dahme-Spreewald 6.420 Eichwalde
17%
Oberhavel 12.358 Glienicke/Nordbahn
17%
Oder-Spree 8.755 Grünheide (Mark)
17%
Märkisch-Oderland 14.109 Fredersdorf-Vogelsdorf
16%
Potsdam-Mittelmark 13.134 Michendorf
16%
Märkisch-Oderland 18.657 Neuenhagen bei Berlin
16%
Havelland 9.617 Wustermark
16%
Oberhavel 8.133 Birkenwerder
15%
Teltow-Fläming 8.535 Großbeeren
15%
Oberhavel 15.308 Mühlenbecker Land
15%
Barnim 20.596 Panketal
15%
Havelland 12.193 Brieselang
14%
Teltow-Fläming 11.369 Rangsdorf
13%
Oder-Spree 12.789 Schöneiche bei Berlin
13%
Barnim 9.162 Werneuchen
13%
Oder-Spree 8.302 Woltersdorf
13%
Märkisch-Oderland 9.526 Altlandsberg
10%
Dahme-Spreewald 9.269 Mittenwalde
10%
Havelland 9.864 Schönwalde-Glien
10%
Potsdam-Mittelmark 10.705 Schwielowsee
10%
Oder-Spree 3.239 Gosen-Neu Zittau
8%
Oberhavel 11.727 Oberkrämer
8%
Potsdam-Mittelmark 9.072 Nuthetal
7%
Dahme-Spreewald 8.441 Schulzendorf
7%
Oberhavel 6.920 Leegebruch
6%
Keine übereinstimmenden Quizze gefunden
Verteilung der Resultate
Anzahl Personen mit jedem Resultat
Perzentil nach korrekt beantworteten Fragen
Ihre Resultats-Entwicklung
Sie haben dieses Quiz noch nicht gespielt